El presupuesto de bienes de capital : la toma de decisiones /
Guardado en:
| Autor Principal: | |
|---|---|
| Otros Autores: | |
| Formato: | Libro |
| Idioma: | Spanish English |
| Publicado: |
México :
Fondo de Cultura Económica,
c1977.
|
| Edición: | 1a. ed. |
| Series: | Sección de obras de economía (Fondo de Cultura Económica (México))
|
| Materias: | |
| Etiquetas: |
Agregar Etiqueta
Sin Etiquetas, Sea el primero en etiquetar este registro!
|
| LEADER | 00881nam a22002415a 4500 | ||
|---|---|---|---|
| 001 | EAD.ead001081 | ||
| 008 | 071029s1977####mx############000#0#spa#d | ||
| 005 | 20101012153402.0 | ||
| 245 | 1 | 3 | |a El presupuesto de bienes de capital : |b la toma de decisiones / |c Harold Bierman Jr., Seymour Smidt. |
| 250 | |a 1a. ed. | ||
| 260 | |a México : |b Fondo de Cultura Económica, |c c1977. | ||
| 300 | |a 462 p. ; |c 23 cm. | ||
| 490 | 0 | |a Sección de obras de economía | |
| 500 | |a Traducción de: The capital budgeting decision. | ||
| 100 | 1 | |a Bierman, Harold. | |
| 700 | 1 | |a Smidt, Seymour. | |
| 830 | 0 | |a Sección de obras de economía (Fondo de Cultura Económica (México)) | |
| 082 | 0 | 4 | |a 658.154 |2 21 |
| 650 | 7 | |a Presupuesto de capital. |2 unbist | |
| 650 | 7 | |a Inversiones. |2 unbist | |
| 650 | 7 | |a Riesgo. |2 unbist | |
| 041 | 1 | |a spa |h eng | |
| 859 | |a AR-BaBDC |b BIB. ADMINISTRACION - Libros |h 658.154 |i B477 |p b01124 | ||
